Normal view MARC view

Entry Términos de género/forma

Number of records used in: 25

001 - NÚMERO DE CONTROL

  • campo de control: 226825

003 - IDENTIFICADOR DE NÚMERO DE CONTROL

  • campo de control: SpMaBN

005 - FECHA Y HORA DE LA ÚLTIMA TRANSACCIÓN

  • campo de control: 20230626115241.0

008 - ELEMENTOS DE DATO DE LONGITUD-FIJA

  • campo de control de longitud fija: 091126 n anznnbabn a ana

024 7# - IDENTIFICADOR DE OTROS ESTÁNDARES

  • Número estándar o código: http://id.loc.gov/authorities/genreForms/gf2014026048
  • Fuente: lcgft

024 7# - IDENTIFICADOR DE OTROS ESTÁNDARES

  • Número estándar o código: https://data.bnf.fr/ark:/12148/cb133183242
  • Fuente: rameau

024 7# - IDENTIFICADOR DE OTROS ESTÁNDARES

  • Número estándar o código: http://vocab.getty.edu/aat/300026497
  • Fuente: aat

040 ## - FUENTE DE CATALOGACIÓN

  • Centro catalogador/agencia de origen: SpMaBN
  • Lengua de catalogación: spa
  • Centro/agencia transcriptor: SpMaBN
  • Normas de descripción: rdc
  • Convención/Normas de encabezamiento de materia/tesauro: tgfbne
  • Centro/agencia modificador: ES-MaACL

155 ## - ENCABEZAMIENTO--TÉRMINO DE GÉNERO/FORMA

  • Término de género/forma: Bibliografías

455 ## - TRAZADO DE VÉASE--TÉRMINO GÉNERO/FORMA

  • Término de género/forma: Guías bibliográficas

455 ## - TRAZADO DE VÉASE--TÉRMINO GÉNERO/FORMA

  • Término de género/forma: Índices bibliográficos

455 ## - TRAZADO DE VÉASE--TÉRMINO GÉNERO/FORMA

  • Término de género/forma: Listas de libros

455 ## - TRAZADO DE VÉASE--TÉRMINO GÉNERO/FORMA

  • Término de género/forma: Listas de publicaciones bibliográficas

555 ## - TRAZADO DE VÉASE ADEMÁS--TÉRMINO GÉNERO/FORMA

  • Subcampo de control: g
  • Término de género/forma: Obras de referencia

555 ## - TRAZADO DE VÉASE ADEMÁS--TÉRMINO GÉNERO/FORMA

  • Subcampo de control: h
  • Término de género/forma: Bibliografías críticas

555 ## - TRAZADO DE VÉASE ADEMÁS--TÉRMINO GÉNERO/FORMA

  • Subcampo de control: h
  • Término de género/forma: Biobibliografías

670 ## - FUENTE DE DATOS ENCONTRADOS

  • Cita de la fuente: LCGFT;
  • Información encontrada: (Bibliographies)

670 ## - FUENTE DE DATOS ENCONTRADOS

  • Cita de la fuente: WWW RBGENR, 26-2-2020;
  • Información encontrada: (Bibliographies)
  • Identificador Uniforme de Recursos: https://rbms.info/vocabularies/genre/tr178.htm

670 ## - FUENTE DE DATOS ENCONTRADOS

  • Cita de la fuente: AAT;
  • Información encontrada: (Bibliographies)

670 ## - FUENTE DE DATOS ENCONTRADOS

  • Cita de la fuente: WWW RAMEAU, 26-10-2020;
  • Información encontrada: (Bibliographie)

670 ## - FUENTE DE DATOS ENCONTRADOS

  • Cita de la fuente: Martínez de Sousa, José. Diccionario de bibliología, 1989;
  • Información encontrada: (Bibliografía. Catálogo o lista de obras y documentos referentes a un autor o una materia)

670 ## - FUENTE DE DATOS ENCONTRADOS

  • Cita de la fuente: WWW Embe, 26-6-2023;
  • Información encontrada: (Bibliografías)

954 ## - CATALOGADOR -ALTA REGISTRO

  • Nombre del catalogador: Julia Mas Vieira